| 000 | 00672nam a22002297a 4500 | ||
|---|---|---|---|
| 003 | UA-OsUOA | ||
| 001 | 31114 | ||
| 007 | ta | ||
| 008 | 20041202b un ||||| |||| 00| 0 ukr d | ||
| 090 |
_a94(477)01 _bВ74 |
||
| 942 | _cBK | ||
| 040 |
_aUA-OsUOA _brus _cUA-OsUOA _dUA-OsUOA |
||
| 245 |
_aВооружение скифов и сарматов _bСборник научных трудов _cРед. Е. В.Черненко Б. Н.Мозолевский |
||
| 300 |
_a160 с. _bІлюстрації |
||
| 955 | _a0 | ||
| 041 | _arus | ||
| 080 | _a94(477)01 | ||
| 260 |
_aКиев _bНаукова думка _c1984 |
||
| 044 | _aUA | ||
| 650 | 7 | _2UDC | |
| 999 |
_c317535 _d317535 |
||